Haciendas locales (Record no. 29823)
[ view plain ]
| 000 -LEADER | |
|---|---|
| campo de control de longitud fija | 00623nam a2200157 i 4500 |
| 001 - NÚMERO DE CONTROL | |
| campo de control | 29823 |
| 003 - IDENTIFICADOR DE NÚMERO DE CONTROL | |
| campo de control | ES-MaACL |
| 005 - FECHA Y HORA DE LA ÚLTIMA TRANSACCIÓN | |
| campo de control | 20230906154108.0 |
| 007 - CAMPO FIJO DE DESCRIPCIÓN FÍSICA--INFORMACIÓN GENERAL | |
| campo de control de longitud fija | t| |
| 008 - DATOS DE LONGITUD FIJA--INFORMACIÓN GENERAL | |
| campo de control de longitud fija | 030123s1960 sp ||||1| spa d |
| 100 1# - ENTRADA PRINCIPAL--NOMBRE DE PERSONA | |
| Nombre de persona | Basanta Santa-Cruz, Antonio. |
| 9 (RLIN) | 26248 |
| 245 10 - MENCIÓN DEL TÍTULO | |
| Título | Haciendas locales |
| Resto del título | : cuentas municipales : (conforme a la cirucular del Servicio Nacional de Inspección y Asesoramiento de las Corporaciones Locales de 1º de diciembre de 1958) / |
| Mención de responsabilidad, etc. | por Antonio Basanta Santa-Cruz. |
| 260 ## - PUBLICACIÓN, DISTRIBUCIÓN, ETC. | |
| Lugar de publicación, distribución, etc. | [S.l. : |
| Nombre del editor, distribuidor, etc. | s.n., |
| Fecha de publicación, distribución, etc. | 1960] ( |
| Lugar de fabricación/manufactura | Cuenca : |
| Fabricante | Imp. Conquense) |
| 300 ## - DESCRIPCIÓN FÍSICA | |
| Extensión | 145 p. ; |
| Dimensiones | 29 cm. |
| 852 ## - LOCALIZACIÓN | |
| Ubicación | ES-MaACL |
| Número de control de estantería | C-19423 |
| Sublocalización o colección | R.46462 |
| Estatus retirado | Estado de pérdida | Estado de daño | No para préstamo | Biblioteca de origen | Biblioteca actual | Ubicación en estantería | Fecha de adquisición | Fuente de adquisición | Total de préstamos | Signatura topográfica completa | Código de barras | Visto por última vez | Precio de reemplazo | Tipo de ítem Koha |
|---|---|---|---|---|---|---|---|---|---|---|---|---|---|---|
| Biblioteca del Ateneo de Madrid | Biblioteca del Ateneo de Madrid | Galería | 17/01/2008 | C-19423 | 1030791 | 23/02/2023 | 23/02/2023 | Libro impreso |
